Metallica Lyrics – #26: ...And Justice for All - Statistics

General Stats
  • This quiz has been taken 17 times
  • The average score is 79 of 161
Answer Stats
Answer % Correct
I
100%
Just
100%
justice
100%
Justice
100%
is
91%
all
73%
done
73%
gone
73%
no
73%
Pulling
73%
raped,
73%
real
73%
so
73%
strings,
73%
you,
73%
you
73%
your
73%
you/us
73%
can
64%
grim,
64%
in
64%
lost,
64%
of
64%
Seeking
64%
The
64%
the
64%
true,
64%
truth
64%
truth?
64%
truth,
64%
been
55%
can't
55%
green,
55%
has
55%
Lady
55%
money
55%
Nothing
55%
painted
55%
save
55%
talking
55%
winning
55%
believe
45%
believe,
45%
find
45%
Find
45%
Halls
45%
it
45%
pay
45%
price
45%
say
45%
things
45%
crushes
36%
Hammer
36%
their
36%
Their
36%
ultimate
36%
vanity,
36%
assassin
27%
devour
27%
Power
27%
supremacy
27%
they
27%
to
27%
what
27%
with
27%
you're
27%
appetite,
18%
cannot
18%
deceiving
18%
exploting
18%
eyes
18%
feel
18%
hear
18%
lips,
18%
make
18%
minds
18%
now
18%
overpower
18%
scales
18%
seal
18%
Through
18%
you'll
18%
again,
9%
animosity,
9%
Apathy
9%
beset
9%
burns,
9%
deal
9%
deep
9%
door,
9%
her
9%
Hidden
9%
hoping
9%
Inquisition
9%
light
9%
please
9%
prying
9%
red
9%
Rolls
9%
Soon
9%
stalking
9%
stepping
9%
stone,
9%
tape
9%
tell,
9%
them
9%
tips
9%
unfeeling
9%
wolves
9%
sinking
0%
No matching quizzes found
Score Distribution
Percent of People with Each Score
Percentile by Number Answered
Your Score History
You have not taken this quiz